| 000 | 00702nam a2200229 i 4500 | ||
|---|---|---|---|
| 005 | 20160115110234.0 | ||
| 008 | 140312s1992 wau||||| |||| 00| 0 eng d | ||
| 040 |
_aCO-BoIAVH _cCO-BoIAVH |
||
| 041 | _aeng | ||
| 044 | _axxu | ||
| 082 | 0 | 4 |
_a333.9516 _bU82u |
| 245 | 0 | 0 |
_aUruguay : _bconservation of biodiversity in the eastern wetlands. |
| 260 |
_aWashington : _bGEF: _bUNDP, _c1992 |
||
| 300 | _a37 páginas | ||
| 650 | 1 | 4 |
_aConservación biológica _zUruguay |
| 650 | 2 | 4 |
_aDiversidad biológica _zUruguay |
| 650 | 2 | 4 | _aConservación de humedales |
| 650 | 2 | 4 | _aHumedales |
| 710 | 2 | _aGlobal Environment Facility | |
| 942 |
_cLIBRO _2ddc |
||
| 945 | _d2004-03-24 | ||
| 999 |
_c3746 _d3746 |
||